| 000 | 00741cab a2200229 4500 | ||
|---|---|---|---|
| 001 | WB3137-35 | ||
| 008 | 090401t1995 xxu||||| |||| 00| 0 eng d | ||
| 035 | _a(Sirsi) u16474 | ||
| 041 | _aeng | ||
| 245 | _aLandowners cash in on access rights | ||
| 260 | _c1995 | ||
| 350 | _a0 | ||
| 490 |
_aSunday Times _vMoney 1 October 1995, 1-2(1) |
||
| 520 | _aAncestral landlords are charging homeowners for access to their homes under a 1993 case, "Hanning v Top Deck Travel", that found regular vehicular rights of way illegal across common land. | ||
| 650 | _aANCESTRAL LANDLORDS | ||
| 650 | _aCOMMON LAND | ||
| 650 | _aHANNING V TOP DECK TRAVEL | ||
| 650 | _aRIGHTS OF ACCESS | ||
| 690 | _aLAND | ||
| 942 | _n0 | ||
| 948 | _c04/03/1997 | ||
| 999 |
_c10848 _d10848 |
||